| 000 | 01163cam a22002651 4500 | ||
|---|---|---|---|
| 001 | he 68002933 | ||
| 003 | DLC | ||
| 005 | 20260227111503.0 | ||
| 008 | 880816s1967 is 000 0 heb | ||
| 010 | _ahe 68002933 | ||
| 035 | _a(OCoLC)18362353 | ||
| 040 |
_aDLC _cCU _dCU _dDLC |
||
| 050 | 0 | 0 |
_aBM520.3 _b.N3 1967 |
| 100 | 0 |
_aNaḥman, _cdi-ḳ.ḳ. Ṭshehrin. |
|
| 245 | 1 | 0 |
_aNaḥat ha-shulḥan _b[ʻal yesod sifre Liḳuṭe Maharan ... _cḥibero Naḥman mi-ḳ.ḳ. Ṭshehrin] Shir yedidut [li-khevod Admor Naḥman ṿe-talmido Natan ... nimtsa be-tokh ha-ketavim she-heniaḥ aḥaraṿ Yeḥiʼel Meʼndil me-Medṿediṿḳe. |
| 260 |
_aYerushalayim, _bḤaside Braslav, _c1967 or 8] |
||
| 300 |
_a67, 9 l. _c34 cm. |
||
| 500 | _aCover title. | ||
| 500 | _aEach part has special t. p.; special t. p. of "Shir yedidut" has original imprint: Yerushalayim, Nidpas ʻa.y. Yiśraʼel bar. Yehuda ha-Leṿi, 667 [1966 or 7] | ||
| 650 | 0 | _aJewish law. | |
| 600 | 0 | 0 |
_aNaḥman, _cof Bratslav, _d1772-1811. _tLiḳuṭe Moharan. |
| 700 | 0 |
_aJehiel Mendel, _cof Medvedevka. _tShir yedidut. |
|
| 740 | 0 | _aNaḥat ha-shulḥan. | |
| 740 | 0 | _aShir yedidut. | |
| 999 |
_c33738 _d33738 |
||